000 00534nam a2200181Ia 4500
008 100917s9999 xx 000 0 und d
082 _b17895
100 _aबापट गो. शं.
245 _aनौका नयनाचा इतिहास
260 _b---
_c1872
300 _a84
365 _b0.5
520 _aहुन्नर
630 _aनौका नयनाचा इतिहास
650 _aहुन्नर
730 _aनौका नयनाचा इतिहास
942 _cBOOK
999 _c623289
_d623286